000 00639nam a2200205Ii 4500
003 JO-AjNU
008 230606s9999||||xx |||||||||||||| ||und||
020 _a0-13-746827-x
040 _aJO-AjNU
_beng
_erda
_cJO-AjNU
041 _aeng
050 1 4 _aHD30.23.G67.1990
100 3 _aGordon.gillbert/Israel pressman/Sanford Cohn,
_eauthor
_93237
245 0 0 _aQuantitative Decision Making for Business
264 3 1 _aLondon:prentice Hall International,1990
300 _a670p
336 _atext
_btxt
_2rdacontent
337 _aunmediated
_bn
_2rdamedia
338 _avolume
_bnc
_2rdacarrier
650 4 _aBusiness- Decision Making
_93238
999 _aE1694
_c1694
_d1694